Postamerický svět

Salvato in:
Dettagli Bibliografici
Autore principale: Zakaria, Fareed
Natura: Libro
Lingua:ceco
Pubblicazione: Praha ACADEMIA 2010
Serie:XXI. století sv. 8
Soggetti:
Tags: Aggiungi Tag
Nessun Tag, puoi essere il primo ad aggiungerne!!

MARC

LEADER 00000nam a2200000 4500
001 0122066
005 20240313090256.6
020 |a 978-80-200-1852-6 
041 0 |a cze 
044 |a CZ 
245 1 0 |a Postamerický svět  |c Fareed Zakaria 
264 1 |a Praha  |b ACADEMIA  |c 2010 
300 |a 249 s. 
490 1 |a XXI. století  |v sv. 8 
830 0 |a XXI. století  |v sv. 8 
610 2 0 |a politika svetová 
610 2 0 |a globalizácia 
610 2 0 |a geopolitika 
610 2 0 |a vzťahy medzinárodné 
610 2 0 |a vzťahy zahraničné 
610 2 0 |a USA 
100 1 |a Zakaria, Fareed